Statistics for World Map 30 X 32 Puzzle - 1 Million Cities by Latitude

Click here to take the quiz!

General Stats

  • This quiz has been taken 706 times
    (635 since last reset)
  • The average score is 21 of 23

Answer Stats

Piece TYPE-IN % Correct
> 50 Beijing, Tianjin, Shenyang, Dalian, Taiyuan, Shijiazhuang, Anshan..
98%
8 Sydney, Melbourne, Cape Town, Buenos Aires, Montevideo, Auckland, Ad..
97%
> 50 Xi'an, Qingdao, Zhengzhou, Jinan, Zibo, Lanzhou, Xuzhou, Yantai, ..
96%
29 The Ruhr, Cologne / Dusseldorf, Berlin, Hamburg, London, Birmingham..
96%
> 50 Shanghai, Chengdu, Hangzhou, Wuhan, Chongqing, Nanjing, Hefei, Na..
96%
25 Seattle, Frankfurt, Stuttgart, Munich, Vancouver, Katowice, Vienna,..
95%
9 Moscow, Stockholm, Nizhny Novgorod, Glasgow, Copenhagen, Yekaterinbu..
95%
19 San Juan, Mumbai, Hyderabad, Pune, Mexico City, Puebla, Toluca, San..
94%
23 Bengaluru, Chennai, Coimbatore, Kano, Manila, Ouagadougou, Guatemal..
92%
24 Harbin, Changchun, Ürümqi, Boston, Detroit, Minneapolis, Portland, ..
91%
46 Xiamen, Wenzhou, Changsha, Kunming, Fuzhou, Guiyang, Miami, Tampa, ..
90%
20 Lagos, Port Harcourt, Medan, Bogotá, Medellín, Cali, Douala, Yaound..
90%
46 Guangzhou, Shantou, Hong Kong, Nanning, Huizhou, Kolkata, Ahmedabad..
89%
15 Fortaleza, Manaus, Jakarta, Kinshasa, Dar es Salaam, Brazzaville, M..
89%
3 Saint Petersburg, Helsinki, Oslo
89%
5 São Paulo, Rio de Janeiro, Campinas, Vitória, Santos
88%
23 Ibadan, Abuja, Kumasi, Cebu, Caracas, Maracaibo, Ho Chi Minh City, ..
88%
9 Belém, Guayaquil, Quito, Nairobi, Singapore, Kampala, Batam, Pekanba..
87%
5 Salvador, Lima, Lusaka, Lubumbashi, Lilongwe
86%
8 Porto Alegre, Perth, Durban, Santiago, Córdoba, Rosario, Mendoza, Va..
86%
5 Curitiba, Brisbane, Johannesburg, Maputo, Asunción
84%
8 Belo Horizonte, Brasília, Goiânia, Antananarivo, Harare, La Paz, San..
83%
11 Recife, Bandung, Surabaya, Luanda, Semarang, Denpasar, Malang, Yogy..
65%

Score Distribution

Percentile by Number Answered

Percent of People with Each Score

Your Score History

You have not taken this quiz since the last reset